MARC

LEADER 00000nam0a2200000 4500
001 363155
005 20231102011548.0
035 |a (RuTPU)RU\TPU\retro\20502 
090 |a 363155 
100 |a 20210921d1980 km y0rusy50 ca 
101 0 |a rus 
102 |a RU 
105 |a y z 001zy 
200 1 |a Социально-политическое развитие советской сибирской деревни  |f Академия наук СССР, Сибирское отделение, Институт истории, филологии и философии ; под ред. Н. Я. Гущина 
210 |a Новосибирск  |c Наука  |d 1980 
215 |a 256 с. 
320 |a Библиография в ссылках 
606 1 |a Крестьянство в СССР  |2 stltpush  |3 (RuTPU)RU\TPU\subj\16243  |9 42380 
610 1 |a социальное развитие 
610 1 |a политическое развитие 
610 1 |a деревня 
610 1 |a Сибирь 
610 1 |a 20 век 
610 1 |a Западная Сибирь 
610 1 |a просветительская деятельность 
610 1 |a интеллигенция 
610 1 |a колхозы 
686 |a Ф3(2)112  |v LBC/SL-A  |2 rubbk 
702 1 |a Гущин  |b Н. Я.  |4 340 
712 0 2 |a Академия наук СССР  |b Сибирское отделение  |b Институт истории, филологии и философии  |c (Новосибирск)  |2 stltpush  |3 (RuTPU)RU\TPU\col\11501  |9 25136 
801 1 |a RU  |b 63413507  |c 20210921 
942 |c BK